[Event "AUTO-OPEN-609"]
[Site "http://www.queenalice.com/game.php?id=191404"]
[Date "2007.4.3"]
[Round "1"]
[White "aquinas"]
[Black "ChrisDavison102"]
[Result "0-1"]
[WhiteElo "1715"]
[BlackElo "1988"]

1. e4 e5 2. Nf3 Nc6 3. Bb5 a6 4. Ba4 d6 5. c3 Bd7 6. d4 exd4 7. cxd4 Be7 8. O-O
Nf6 9. Nc3 O-O 10. Re1 b5 11. Bc2 Bg4 12. h3 Bxf3 13. Qxf3 Nxd4 14. Qd3 Nxc2 15.
Qxc2 Re8 16. Bg5 h6 17. Bxf6 Bxf6 18. Nd5 Rc8 19. f4 c6 20. Ne3 c5 21. Ng4 Be7
22. Rad1 Qc7 23. Re3 c4 24. Kf2 d5 25. Kf3 Bc5 26. Re2 dxe4+ 27. Rxe4 Qc6 28.
Re1 f5 29. Ne5 fxe4+ 30. Rxe4 Rxe5 31. fxe5 Rf8+ 32. Kg4 Qg6+ 0-1

[Event "AUTO-OPEN-609"]
[Site "http://www.queenalice.com/game.php?id=191405"]
[Date "2007.4.3"]
[Round "1"]
[White "ChrisDavison102"]
[Black "aquinas"]
[Result "0-1"]
[WhiteElo "1864"]
[BlackElo "1692"]

1. f4 d5 2. Nf3 Nf6 3. e3 Bg4 4. Be2 e6 5. O-O Ne4 6. d3 Nd6 7. h3 Bh5 8. g4 Bg6
9. Ne5 Nc6 10. Nxg6 hxg6 11. Kg2 Qh4 12. Rh1 e5 13. Nc3 d4 14. Nd5 O-O-O 15.
fxe5 Nxe5 16. exd4 Nd7 17. Bd2 c6 18. Nc3 f5 19. Qc1 Be7 20. d5 Ne5 21. gxf5
Nxf5 22. Be1 Qf6 23. Rf1 cxd5 24. Bg4 Qc6 25. Bxf5+ gxf5 26. d4 Qg6+ 27. Kh1
Rxh3# 0-1

[Event "AUTO-OPEN-710"]
[Site "http://www.queenalice.com/game.php?id=229506"]
[Date "2007.6.23"]
[Round "1"]
[White "aquinas"]
[Black "soares54"]
[Result "0-1"]
[WhiteElo "1591"]
[BlackElo "1800"]

1. e4 c6 2. d4 d5 3. Nc3 dxe4 4. Nxe4 Bf5 5. Ng3 Bg6 6. h4 h6 7. h5 Bh7 8. Bc4
e6 9. Nf3 Bd6 10. Be3 Qc7 11. Rh3 Nf6 12. Bd3 Bxd3 13. Qxd3 Nbd7 14. Ne4 Nxe4
15. Qxe4 Nf6 16. Qd3 Nd5 17. O-O-O O-O-O 18. c4 Nf4 19. Qe4 Nxh3 20. gxh3 Qa5
21. c5 Bb8 22. a3 Rd5 23. Ne5 Bxe5 24. dxe5 Rxd1+ 25. Kxd1 Rd8+ 26. Kc2 Qb5 27.
Bd2 Rd5 28. Bb4 a5 29. Bc3 Qxc5 30. f4 b6 31. b4 axb4 32. axb4 Qf2+ 33. Kb3 b5
34. Bb2 Qf1 0-1

[Event "AUTO-OPEN-710"]
[Site "http://www.queenalice.com/game.php?id=229507"]
[Date "2007.6.23"]
[Round "1"]
[White "soares54"]
[Black "aquinas"]
[Result "1-0"]
[WhiteElo "1788"]
[BlackElo "1624"]

1. d4 d5 2. c4 e6 3. Nc3 Nf6 4. Bg5 h6 5. Bh4 Be7 6. Nf3 O-O 7. e3 c5 8. dxc5
dxc4 9. Qxd8 Rxd8 10. Bxc4 Bxc5 11. O-O Nc6 12. Rfd1 b6 13. Rxd8+ Nxd8 14. Rd1
Nc6 15. a3 Bb7 16. h3 Ne7 17. Na4 Ng6 18. Bxf6 gxf6 19. Nxc5 bxc5 20. Be2 Rb8
21. Rd2 Kf8 22. Kh2 Ke7 23. Kg3 Rd8 24. Rc2 Rc8 25. Nd2 1-0

[Event "Challenge"]
[Site "http://www.queenalice.com/game.php?id=233620"]
[Date "2007.7.2"]
[Round "-"]
[White "vininb"]
[Black "aquinas"]
[Result "0-1"]
[WhiteElo "1620"]
[BlackElo "1710"]

1. e4 e5 2. Nf3 Nc6 3. Bb5 a6 4. Ba4 Nf6 5. O-O Be7 6. Re1 b5 7. Bb3 O-O 8. c3
Bb7 9. d4 d6 10. Be3 Nxe4 11. Bc2 Nf6 12. Nbd2 Ng4 13. dxe5 Ncxe5 14. h3 Nxf3+
15. Nxf3 Nxe3 16. Rxe3 Bg5 17. Re1 Qf6 18. Nxg5 Qxg5 19. Be4 d5 20. Bf3 c6 21.
Qd4 Bc8 22. g4 f5 23. Re5 Qh4 24. Rae1 Qxh3 25. Bxd5+ Kh8 26. Re8 Bb7 27. Rxa8
Bxa8 28. Qc5 Qxg4+ 29. Bg2 Rc8 30. Qe7 Qg6 31. Qd7 Rf8 32. Qe7 Rg8 33. Re6 Qg4
34. Qf7 c5 35. Kf1 Bxg2+ 0-1

[Event "Challenge"]
[Site "http://www.queenalice.com/game.php?id=247982"]
[Date "2007.7.29"]
[Round "-"]
[White "Montealto"]
[Black "aquinas"]
[Result "1-0"]
[WhiteElo "1684"]
[BlackElo "1591"]

1. e4 d5 2. Nc3 d4 3. Nd5 e6 4. Nf4 Nf6 5. Qf3 Bc5 6. e5 Nd5 7. Bc4 Nxf4 8. Qxf4
Nc6 9. Nf3 O-O 10. Qh4 b6 11. g3 Bb7 12. a3 Nxe5 13. Ng5 h6 14. Ne4 Nf3+ 15. Kd1
Nxh4 16. Bd3 f5 17. gxh4 Qxh4 18. f3 fxe4 19. fxe4 1-0

[Event "AUTO-OPEN-766"]
[Site "http://www.queenalice.com/game.php?id=248533"]
[Date "2007.7.31"]
[Round "1"]
[White "tayron"]
[Black "aquinas"]
[Result "1-0"]
[WhiteElo "1602"]
[BlackElo "1624"]

1. d4 e6 2. e4 Nc6 3. Nf3 Nf6 4. Nc3 d5 5. exd5 exd5 6. Bg5 h6 7. Qe2+ Be7 8.
Bxf6 gxf6 9. O-O-O Bg4 10. h3 Bh5 11. g4 Bg6 12. Qb5 Qd6 13. Bd3 Qf4+ 14. Kb1
O-O-O 15. Bxg6 fxg6 16. Qd3 g5 17. Qe3 Qd6 18. Rhe1 1-0

[Event "AUTO-OPEN-766"]
[Site "http://www.queenalice.com/game.php?id=248534"]
[Date "2007.7.31"]
[Round "1"]
[White "aquinas"]
[Black "tayron"]
[Result "0-1"]
[WhiteElo "1607"]
[BlackElo "1619"]

1. e4 c5 2. d4 cxd4 3. Nf3 Nc6 4. Bb5 Qa5+ 5. c3 Qxb5 6. Nxd4 Nxd4 7. Qxd4 Nf6
8. Na3 Qc6 9. f3 e6 10. Bg5 Be7 11. O-O-O O-O 12. h4 h6 13. Bf4 Bxa3 14. bxa3 b6
15. g4 Bb7 16. g5 Ne8 17. gxh6 Rc8 18. Kc2 Nf6 0-1

[Event "AUTO-OPEN-766"]
[Site "http://www.queenalice.com/game.php?id=248568"]
[Date "2007.7.31"]
[Round "1"]
[White "toutey"]
[Black "aquinas"]
[Result "1-0"]
[WhiteElo "1654"]
[BlackElo "1579"]

1. Nf3 d5 2. b3 Nc6 3. Bb2 Bg4 4. e3 e5 5. Bb5 a6 6. Bxc6+ bxc6 7. Bxe5 Qe7 8.
Bb2 Nf6 9. d3 g6 10. O-O Bg7 11. Ba3 c5 12. d4 Ne4 13. h3 Bxf3 14. Qxf3 O-O 15.
Rd1 Rfd8 16. Nd2 Rab8 17. Rac1 Rb5 18. Nxe4 dxe4 19. Qf4 1-0

[Event "AUTO-OPEN-766"]
[Site "http://www.queenalice.com/game.php?id=248569"]
[Date "2007.7.31"]
[Round "1"]
[White "aquinas"]
[Black "toutey"]
[Result "0-1"]
[WhiteElo "1551"]
[BlackElo "1662"]

1. e4 e5 2. Nf3 d6 3. Bc4 Be7 4. O-O Bg4 5. h3 Bh5 6. d3 Nf6 7. Nc3 O-O 8. Bg5
h6 9. Bh4 Nbd7 10. Nd5 Nxd5 11. Bxd5 Bxh4 12. g4 c6 13. Bb3 Bg6 14. Nh2 Bg5 15.
Nf3 Bf4 16. Qe2 Nc5 17. c4 a5 18. Nh4 Bh7 0-1